Cánh diều và mặt đất : Phê bình - Tiểu luận

Guardat en:
Dades bibliogràfiques
Autor principal: Đinh Quang Tốn
Format: Llibre
Idioma:Undetermined
Publicat: H. Văn Học 1995
Matèries:
Etiquetes: Afegir etiqueta
Sense etiquetes, Sigues el primer a etiquetar aquest registre!
Thư viện lưu trữ: Trung tâm Học liệu Trường Đại học Cần Thơ
LEADER 00557nam a2200193Ia 4500
001 CTU_53400
008 210402s9999 xx 000 0 und d
020 |b 12000 
082 |a 895.9228 
082 |b T454 
100 |a Đinh Quang Tốn 
245 0 |a Cánh diều và mặt đất : Phê bình - Tiểu luận 
245 0 |c Đinh Quang Tốn 
260 |a H. 
260 |b Văn Học 
260 |c 1995 
650 |a vietnamese literature 
650 |x history and criticism 
980 |a Trung tâm Học liệu Trường Đại học Cần Thơ